00465nam a2200157Ia 4500100002200000650001400022942000700036366000700043245002800050260003400078082001500112300000800127546001200135999001700147952014300164 aNewnham/Robert E  aMaterials cBK f20 aProperties of Materials bOxford university pressc2007 a658.7bNEW a457 aENGLISH c27515d27515 001040708CRCaCRCEbCRCEd2023-03-17eAne Books Indiag556.00i5 dt 29/04/2009l0o658.7 NEWp19693r2023-03-17v695.00w0000-00-00yBK